000 00249nam a2200109Ia 4500
008 190216s9999||||xx |||||||||||||| ||und||
100 _aSinnat Dan
245 0 _aJanithaka Thathwangal
260 _bKerala Basha Inst
650 _aBotany
942 _cBK
999 _c37979
_d37979